| 000 | 00482nam a2200193Ia 4500 | ||
|---|---|---|---|
| 005 | 20240823042206.0 | ||
| 008 | 240823s9999||||xx |||||||||||||| ||und|| | ||
| 020 | _a81-219-2399-9 | ||
| 041 | _aENGLISH | ||
| 082 | _A658.15 P4 | ||
| 100 | _aCauvery R et al. | ||
| 245 | 0 | _aEngineering Economics and Financial Accounting | |
| 250 | _a1st | ||
| 260 |
_c2004 _bS Chand & Co |
||
| 500 | _aTRANSFERED | ||
| 650 |
_aEconomics _bManagement Studies |
||
| 942 | _cBK | ||
| 999 |
_c207291 _d207291 |
||